000 00467nam a2200169Ia 4500
999 _c34961
_d34961
003 OSt
005 20200302105957.0
008 190216s9999||||xx |||||||||||||| ||und||
020 _a9780241974537
040 _coclc
082 _a813.6
_bSHA/F
100 _aShafak, Elif
_91739
245 4 _aThe Forty Rules Of Love /
_cElif Shafak
260 _bPenguin Books,
_c2010:
_aUK:
300 _a350p
942 _cBK
_2ddc
_h813.6
_iSHA/F
_k813.6
_mSHA/F